Повышение метрологических свойств контрольных образцов для магнитной дефектоскопии; Современные техника и технологии; Т. 1

書誌詳細
Parent link:Современные техника и технологии: X Юбилейная международная научно-практическая конференция студентов, аспирантов и молодых ученых, посвященная 400-летию г. Томска, Томск, 29 марта - 2 апреля 2004 г./ Томский политехнический университет.— , 2004
Т. 1.— 2004.— С. 117-119
第一著者: Прошутина Р. В.
その他の著者: Толмачёв И. И. Игорь Иванович
言語:ロシア語
出版事項: 2004
主題:
フォーマット: 図書の章
KOHA link:https://koha.lib.tpu.ru/cgi-bin/koha/opac-detail.pl?biblionumber=183131

MARC

LEADER 00000naa2a2200000 4500
001 183131
005 20251205104645.0
035 |a (RuTPU)RU\TPU\book\198511 
090 |a 183131 
100 |a 20100701d2004 k y0rusy50 ca 
101 0 |a rus 
102 |a RU 
200 1 |a Повышение метрологических свойств контрольных образцов для магнитной дефектоскопии  |f Р. В. Прошутина, И. И. Толмачёв, И. И. Толмачёв 
320 |a Библиогр.: 3 назв. 
461 1 |0 (RuTPU)RU\TPU\book\66154  |t Современные техника и технологии  |o X Юбилейная международная научно-практическая конференция студентов, аспирантов и молодых ученых, посвященная 400-летию г. Томска, Томск, 29 марта - 2 апреля 2004 г.  |o труды  |f Томский политехнический университет  |d 2004 
463 0 |0 (RuTPU)RU\TPU\book\65882  |t Т. 1  |v С. 117-119  |d 2004 
610 1 |a качество 
610 1 |a методы контроля 
610 1 |a метрологическое обеспечение 
610 1 |a измерение 
610 1 |a точность 
610 1 |a контрольные образцы 
610 1 |a магнитная дефектоскопия 
610 1 |a труды учёных ТПУ 
700 1 |a Прошутина  |b Р. В. 
701 1 |a Толмачёв  |b И. И.  |c специалист в области неразрушающего контроля  |c доцент Томского политехнического университета, кандидат технических наук  |f 1950-  |g Игорь Иванович  |3 (RuTPU)RU\TPU\pers\26461 
701 1 |a Толмачёв  |b И. И.  |c специалист в области неразрушающего контроля  |c доцент Томского политехнического университета, кандидат технических наук  |f 1950-  |g Игорь Иванович  |3 (RuTPU)RU\TPU\pers\26461 
801 1 |a RU  |b 63413507  |c 20100701 
801 2 |a RU  |b 63413507  |c 20140329  |g RCR 
942 |c BK